ბათუმის შოთა რუსთაველის სახელმწიფო უნივერსიტეტის ბიბლიოთეკა

დრამა წითელ მდინარეზე.საფრანგეთ–ვიეტნამის ცხოვრებიდან (ბიბ.ჩანაწერი № 42060)

000 -LEADER
fixed length control field 00912nam a2200241Ia 4500
001 - CONTROL NUMBER
control field 8750
003 - CONTROL NUMBER IDENTIFIER
control field GE_BSU
008 - FIXED-LENGTH DATA ELEMENTS--GENERAL INFORMATION
fixed length control field 181216s||||||||xx |||||||||||||| ||und||
040 ## - CATALOGING SOURCE
Transcribing agency GE_BSU
080 ## - UNIVERSAL DECIMAL CLASSIFICATION NUMBER
Universal Decimal Classification number 821.353.1–31
100 ## - MAIN ENTRY--PERSONAL NAME
Personal name ინასარი, ნიკო
245 ## - TITLE STATEMENT
Title დრამა წითელ მდინარეზე.საფრანგეთ–ვიეტნამის ცხოვრებიდან
245 ## - TITLE STATEMENT
Remainder of title რომანი
245 ## - TITLE STATEMENT
Statement of responsibility, etc. რედ. ა.კელენჯელიძე
260 ## - PUBLICATION, DISTRIBUTION, ETC.
Place of publication, distribution, etc. თბილისი
260 ## - PUBLICATION, DISTRIBUTION, ETC.
Name of publisher, distributor, etc. საბჭოთა მწერალი
260 ## - PUBLICATION, DISTRIBUTION, ETC.
Date of publication, distribution, etc. 1950
300 ## - PHYSICAL DESCRIPTION
Extent 133გვ. 19სმ.
653 ## - INDEX TERM--UNCONTROLLED
Uncontrolled term დრამა წითელ მდინარეზე
653 ## - INDEX TERM--UNCONTROLLED
Uncontrolled term რომანი
653 ## - INDEX TERM--UNCONTROLLED
Uncontrolled term საფრანგეთ–ვიეტნამის ცხოვრებიდან
942 ## - ADDED ENTRY ELEMENTS (KOHA)
Koha item type წიგნი
ეგზემპლარები
Withdrawn status Lost status Damaged status Not for loan Date acquired Barcode Date last seen Price effective from Koha item type
        2018-12-17 31161 2018-12-17 2018-12-17 წიგნი
        2018-12-17 31162 2018-12-17 2018-12-17 წიგნი
        2018-12-17 31163 2018-12-17 2018-12-17 წიგნი